| 000 | 00479nam a22001817a 4500 | ||
|---|---|---|---|
| 003 | NUST - PNEC | ||
| 005 | 20170116180815.0 | ||
| 008 | 150519b xxu||||| |||| 00| 0 eng d | ||
| 020 | _a9695340326 | ||
| 040 | _cLIBRARY | ||
| 082 | _a297.04 MUH | ||
| 100 |
_93613 _aMuhammad Hamidullah |
||
| 245 |
_aNigarishat (Urdu) _cDr. Muhammad Hamidullah |
||
| 260 |
_aLahore: _bBecan Books, _cc2004. |
||
| 300 |
_a696 p. : _c23 cm. |
||
| 650 |
_93614 _aIslam _xGeneral |
||
| 942 |
_2ddc _cBK |
||
| 999 |
_c63504 _d63504 |
||